01257nam a2200229 a 4500001001000000003000400010005001700014008004100031040002500072082001600097110009900113245012400212260010700336300002200443590002700465942001400492952012600506952012000632952012600752952013200878999001701010000028993OSt20240304103305.0110407s2003 dr 000 0 spa d aDO-SdBNPbspacBNPHU axxxxbR426d1 aRepública Dominicana.b Secretaría de Estado de Medio Ambiente y Recursos Naturales91450310aNorma para la gestión ambiental de marinas:b y otras facilidades que ofrecen servicios a embarcaciones recreativas./ aSanto Domingo :bSecretaría de Estado de Medio Ambiente y Recursos Naturales,c2003.fEditora Búho a62 p. : ;c23 cm. aInventariado, 2020/ YL 2ddccLBS1 00102ddc56758DSaGRbGRcCTd2011-04-27eDonacióniLF1l0oxxxx R426dp28993-30r2020-06-25te. 3w2020-06-25yLFDS 00102ddc51718PDaPDbPDcCTd2011-04-13eDonacióniLF1l0oxxxx R426dp28993-10r2020-06-25w2020-06-25yLFPD 00102ddc51718PDaPDbPDcCTd2011-04-13eDonacióniLF1l0oxxxx R426dp28993-20r2020-06-25te. 2w2020-06-25yLFPD 00102ddc56758DSaGRbGRcCTd2017-03-31eAmaury VictoriaiLF1l0oxxxx R426dp2020-0341r2020-11-03te. 4w2020-06-25yLFDS c28485d28485